00438nam a2200181Ia 4500003000400000005001700004008004100021020001400062040000700076041000800083082002300091100003000114245003200144250000600176260004700182300001300229365001400242OSt20230613104216.0210423s2006 xx 000 0 und d a131977369 cAL aeng a574.192 223bHORH aHORTON (H Robert);others. aPrinciples of biochemistry. a4 aNew DelhibPearson Education Pvt Ltdc2006 axxxv,852 b3798cINR